Выбор рационального вида топлива для сушилок; Журнал сахарной промышленности; Т. 4, № 9-10(33-34)

التفاصيل البيبلوغرافية
Parent link:Журнал сахарной промышленности
Т. 4, № 9-10(33-34).— 1929.— С. 692-696
المؤلف الرئيسي: Егоров И. И.
اللغة:الروسية
منشور في: 1929
الموضوعات:
التنسيق: MixedMaterials فصل الكتاب
KOHA link:https://koha.lib.tpu.ru/cgi-bin/koha/opac-detail.pl?biblionumber=592218

MARC

LEADER 00000naa0a2200000 4500
001 592218
005 20250108142337.0
035 |a (RuTPU)RU\TPU\tpu\3707 
035 |a TPU00003707 
090 |a 592218 
100 |a 20011210d1929 k||y0rusy50 ca 
101 0 |a rus 
102 |a RU 
200 1 |a Выбор рационального вида топлива для сушилок  |f И. И. Егоров 
461 |t Журнал сахарной промышленности 
463 |t Т. 4, № 9-10(33-34)  |v С. 692-696  |d 1929 
610 1 |a энергетика 
610 1 |a труды учёных ТПУ 
610 1 |a теплотехника 
610 1 |a паротехника 
610 1 |a двигатели внутреннего сгорания 
610 1 |a водяные двигатели 
610 1 |a хладотехника 
700 1 |a Егоров  |b И. И. 
801 0 |a RU  |b 63413507  |c 20011210  |g PSBO 
801 2 |a RU  |b 63413507  |c 20070409  |g PSBO 
942 |c CR